000 00620nam a22002297a 4500
005 20260220111829.0
008 260220b |||||||| |||| 00| 0 eng d
020 _a9789395456098
_c400.00
040 _aMAIN
041 _aEnglish
082 _a174.4
_bGOS
100 _aGoswami, Indrajit
_926354
245 _aBusiness Ethics and Corporate Governance
260 _aLunawada
_bRed Shine
_c2022
300 _a237
650 _aCommerce
700 _aSaravanan, S.
_926355
700 _aPrasad, Sanjay
_926356
700 _aMalusare, Lalita Babulal
_926357
700 _aChoudhary, Pankaj
_926358
942 _cBK
999 _c60410
_d60410